[Event "Hannover Region-ch"]
[Site "Hannover"]
[Date "2015.02.07"]
[Round "3"]
[White "Kansier, Frank"]
[Black "Hellwig, Ralf"]
[Result "0-1"]
[WhiteElo "1584"]
[BlackElo "1949"]
[PlyCount "44"]
[EventDate "2015.01.10"]
[EventType "swiss"]
[EventRounds "7"]
[EventCountry "GER"]
[SourceTitle "EXT 2021"]
[Source "ChessBase"]
[SourceDate "2020.10.23"]
[SourceVersion "1"]
[SourceVersionDate "2020.10.23"]
[SourceQuality "1"]

1. c4 Nf6 2. Nc3 g6 3. d4 Bg7 4. e4 d6 5. Be2 0-0 6. Nf3 Nbd7 7. 0-0 e5 8. d5 Nc5 9. Qc2 a5 10. Be3 b6 11. Nd2 Ne8 12. f4 f5 13. fxe5 Bxe5 14. Bxc5 dxc5 15. Nf3 Bg7 16. e5 g5 17. Ne1 Bxe5 18. Nd3 Bg7 19. Bf3 Nd6 20. Nb5 Nxb5 21. cxb5 g4 22. Be2 Qxd5 0-1

[Event "Hannover Region-ch"]
[Site "Langenhagen"]
[Date "2012.03.24"]
[Round "5"]
[White "Kansier, Frank"]
[Black "Quasigroch, Peter"]
[Result "0-1"]
[WhiteElo "1584"]
[BlackElo "1475"]
[PlyCount "94"]
[EventDate "2012.01.14"]
[EventType "swiss"]
[EventRounds "7"]
[EventCountry "GER"]
[SourceTitle "EXT 2021"]
[Source "ChessBase"]
[SourceDate "2020.10.23"]
[SourceVersion "1"]
[SourceVersionDate "2020.10.23"]
[SourceQuality "1"]

1. e4 e6 2. d4 d5 3. e5 c5 4. c3 Nc6 5. Nf3 Qb6 6. Bd3 cxd4 7. cxd4 Bd7 8. 0-0 Nxd4 9. Nxd4 Qxd4 10. Nc3 a6 11. Qe2 Rc8 12. Kh1 Bc5 13. f4 Ne7 14. Bd2 Nf5 15. Rf3 h5 16. Rd1 h4 17. Bxf5 exf5 18. h3 Qc4 19. Qxc4 dxc4 20. Be3 Bc6 21. Nd5 Bxd5 22. Rxd5 Bxe3 23. Rxe3 Rc6 24. Rc3 Ke7 25. Rc1 Rd8 26. Rxd8 Kxd8 27. Kg1 Ke7 28. Kf2 b5 29. Ke3 Rg6 30. Rc2 Rg3+ 31. Kd4 Kd7 32. Kc5 Kc7 33. Re2 Rg6 34. Kd5 Kb6 35. Kd4 Kc6 36. Kc3 Kc5 37. a3 a5 38. Rd2 b4+ 39. axb4+ axb4+ 40. Kc2 Re6 41. Rd7 f6 42. exf6 gxf6 43. Rd2 b3+ 44. Kd1 Rd6 45. Rxd6 Kxd6 46. Kd2 Kd5 47. Kc3 Kc5 0-1

[Event "Hannover Region-ch"]
[Site "Langenhagen"]
[Date "2010.03.13"]
[Round "5"]
[White "Kansier, Frank"]
[Black "Goehner, Matthias"]
[Result "1-0"]
[WhiteElo "1543"]
[BlackElo "1265"]
[PlyCount "67"]
[EventDate "2010.01.16"]
[EventType "swiss"]
[EventRounds "7"]
[EventCountry "GER"]
[SourceTitle "EXT 2021"]
[Source "ChessBase"]
[SourceDate "2020.10.23"]
[SourceVersion "1"]
[SourceVersionDate "2020.10.23"]
[SourceQuality "1"]

1. c4 c6 2. Nc3 d5 3. d4 Bf5 4. Nf3 e6 5. Bf4 Nf6 6. e3 Nbd7 7. Rc1 Qb6 8. Bd3 Bg4 9. 0-0 Qxb2 10. c5 Qb4 11. Qc2 b5 12. cxb6 axb6 13. Rb1 Qa5 14. Rb3 Bxf3 15. gxf3 b5 16. Rfb1 Be7 17. Ne2 Qb6 18. Rc3 0-0 19. Rxc6 Qa5 20. Rxb5 Qxa2 21. Rb7 Qxc2 22. Rxc2 Rfd8 23. Rcc7 Rac8 24. Rxc8 Rxc8 25. Bb5 Rd8 26. Bc7 Ra8 27. Bxd7 Nxd7 28. Bg3 Rd8 29. Nc3 Kf8 30. Nb5 Nf6 31. Na7 h6 32. Nc6 Re8 33. Nxe7 Rxe7 34. Bd6 1-0

[Event "Hannover Region-ch"]
[Site "Hannover"]
[Date "2009.01.24"]
[Round "2"]
[White "Kansier, Frank"]
[Black "Parvin, Shahram"]
[Result "1-0"]
[WhiteElo "1639"]
[BlackElo "1417"]
[PlyCount "106"]
[EventDate "2009.01.10"]
[EventType "swiss"]
[EventRounds "7"]
[EventCountry "GER"]
[SourceTitle "EXT 2021"]
[Source "ChessBase"]
[SourceDate "2020.10.23"]
[SourceVersion "1"]
[SourceVersionDate "2020.10.23"]
[SourceQuality "1"]

1. e4 e6 2. d4 d5 3. e5 c5 4. c3 Nc6 5. Nf3 Qb6 6. Bd3 Bd7 7. 0-0 cxd4 8. cxd4 Nxd4 9. Nxd4 Qxd4 10. Nc3 Qxe5 11. Re1 Qd6 12. Nb5 Qb8 13. Qf3 Bd6 14. Nxd6+ Qxd6 15. Bf4 Qc5 16. Rec1 Qd4 17. Qg3 Nf6 18. Be5 Qg4 19. Qe3 Bc6 20. Bd4 h6 21. h3 Qg5 22. Bxa7 Qxg2+ 23. Kxg2 d4+ 24. Rxc6 dxe3 25. Rc7 0-0 26. Bxe3 Nd5 27. Rxb7 Rfd8 28. Be2 Nxe3+ 29. fxe3 Rd2 30. Kf3 Rc8 31. Rd1 Rxd1 32. Bxd1 Rc1 33. Ke2 Rc4 34. a4 g5 35. Kf2 Rc1 36. Bh5 Rc2+ 37. Kf3 f5 38. Bf7+ Kg7 39. Bxe6+ Kf6 40. Bf7 Rh2 41. Kg3 Re2 42. Rb3 Kxf7 43. a5 Re1 44. a6 Rc1 45. a7 f4+ 46. exf4 gxf4+ 47. Kxf4 Rc4+ 48. Kg3 Ra4 49. Ra3 Rb4 50. a8Q Rxb2 51. Ra7+ Ke6 52. Qc6+ Kf5 53. Rf7+ Kg5 1-0

[Event "Hannover Region-ch"]
[Site "Hannover"]
[Date "2006.03.11"]
[Round "5"]
[White "Kansier, Frank"]
[Black "Lebek, Ricarda"]
[Result "1-0"]
[WhiteElo "1622"]
[BlackElo "1496"]
[PlyCount "99"]
[EventDate "2006.01.14"]
[EventType "swiss"]
[EventRounds "7"]
[EventCountry "GER"]
[SourceTitle "EXT 2021"]
[Source "ChessBase"]
[SourceDate "2020.10.23"]
[SourceVersion "1"]
[SourceVersionDate "2020.10.23"]
[SourceQuality "1"]

1. e4 c5 2. Nf3 d6 3. d4 cxd4 4. Nxd4 Nf6 5. Nc3 a6 6. Bc4 e6 7. Be3 Nbd7 8. f3 Be7 9. Qd2 Qc7 10. Bb3 b5 11. 0-0-0 0-0 12. g4 Nb6 13. h4 Rd8 14. h5 b4 15. Na4 Nxa4 16. Bxa4 a5 17. g5 Nd7 18. Nc6 Re8 19. Nxe7+ Rxe7 20. Qxd6 Qxd6 21. Rxd6 Ra6 22. Rhd1 Rxd6 23. Rxd6 f6 24. Rc6 Re8 25. Rc7 Rd8 26. gxf6 gxf6 27. Ra7 Ne5 28. f4 Nc4 29. Bc5 e5 30. Bb3 Be6 31. f5 Bf7 32. Be7 Rd4 33. Bxf6 Bxh5 34. Bxc4+ Rxc4 35. Rxa5 Rxe4 36. Rxe5 Rf4 37. Be7 Rf1+ 38. Kd2 Rf2+ 39. Kd3 Rf3+ 40. Ke4 Rf2 41. Bxb4 Rxc2 42. Bc3 Bf7 43. a4 h5 44. Kd3 Rc1 45. a5 Rd1+ 46. Kc2 Rd6 47. b4 h4 48. Re4 Rh6 49. Rg4+ Kh7 50. Rg7+ 1-0

[Event "Hannover Region-ch"]
[Site "Hannover"]
[Date "2006.02.25"]
[Round "4"]
[White "Westermann, Edmund"]
[Black "Kansier, Frank"]
[Result "1/2-1/2"]
[WhiteElo "1479"]
[BlackElo "1622"]
[PlyCount "36"]
[EventDate "2006.01.14"]
[EventType "swiss"]
[EventRounds "7"]
[EventCountry "GER"]
[SourceTitle "EXT 2021"]
[Source "ChessBase"]
[SourceDate "2020.10.23"]
[SourceVersion "1"]
[SourceVersionDate "2020.10.23"]
[SourceQuality "1"]

1. c4 e5 2. Nc3 Nf6 3. Nf3 Nc6 4. g3 d5 5. cxd5 Nxd5 6. Bg2 Nb6 7. 0-0 Be7 8. d3 0-0 9. a3 Be6 10. b4 f6 11. Be3 Nd5 12. Qd2 Nxe3 13. Qxe3 Qd7 14. Ne4 Nd4 15. Rac1 c6 16. Nc5 Bxc5 17. Rxc5 Rfd8 18. Nxd4 exd4 1/2-1/2

[Event "Hannover Region-ch op"]
[Site "Hannover"]
[Date "2003.02.01"]
[Round "2"]
[White "Kansier, Frank"]
[Black "Leyzerov, Ilya"]
[Result "1/2-1/2"]
[WhiteElo "1746"]
[BlackElo "1880"]
[PlyCount "25"]
[EventDate "2003.01.25"]
[EventType "swiss"]
[EventRounds "7"]
[EventCountry "GER"]
[SourceTitle "EXT 2022"]
[Source "ChessBase"]
[SourceDate "2021.10.06"]
[SourceVersion "1"]
[SourceVersionDate "2021.10.06"]
[SourceQuality "1"]

1. e4 e5 2. Nf3 Nc6 3. d4 exd4 4. Nxd4 Nxd4 5. Qxd4 d6 6. Bc4 Qf6 7. Qxf6 Nxf6 8. Nc3 a6 9. 0-0 Be7 10. Nd5 Nxd5 11. exd5 0-0 12. Be3 Bf6 13. c3 1/2-1/2